Top 10 most streamed TV series in 2023 - Statistics

General Stats
  • This quiz has been taken 29 times
  • The average score is 2 of 10
Answer Stats
Ranking Platform(s) Genre Title % Correct
1 Netflix / Peacock legal drama Suits
63%
4 Netflix medical drama Grey’s Anatomy
59%
8 Max sitcom Friends
44%
5 Netflix (Youtube Channel) education, nursery rhymes Cocomelon
26%
6 Max sitcom The Big Bang Theory
22%
3 Netflix / Paramount+ action, police procedural NCIS
15%
2 Disney+ reschool Bluey
11%
7 Netflix comedy drama Gilmore Girls
7%
9 Netflix / Peacock / Hulu family & comedy drama Heartland
0%
10 Netflix action, adventure, fantasy Supernatural
0%
No matching quizzes found
Score Distribution
Percent of People with Each Score
Percentile by Number Answered
Your Score History
You have not taken this quiz